Nguyên lý động cơ đốt trong

Guardat en:
Dades bibliogràfiques
Autor principal: Nguyễn, Tất Tiến
Format: Llibre
Idioma:Undetermined
Publicat: Hà Nội Giáo dục 2003
Matèries:
Etiquetes: Afegir etiqueta
Sense etiquetes, Sigues el primer a etiquetar aquest registre!
Thư viện lưu trữ: Trung tâm Học liệu Trường Đại học Cần Thơ
LEADER 00591nam a2200193Ia 4500
001 CTU_95529
008 210402s9999 xx 000 0 und d
020 |c 45000 
082 |a 621.43 
082 |b T305 
100 |a Nguyễn, Tất Tiến 
245 0 |a Nguyên lý động cơ đốt trong 
245 0 |c Nguyễn Tất Tiến 
260 |a Hà Nội 
260 |b Giáo dục 
260 |c 2003 
650 |a Combustion engineering,Internal combustion engines,Thermodynamics 
904 |i Mai Loan,Hải 
980 |a Trung tâm Học liệu Trường Đại học Cần Thơ